Tennis : Rafael Nadal - Statistiques

Statistiques générales
  • Ce quiz a été pris 236 fois
  • Le résultat moyen est 62 sur 86
Statistiques - réponses
Année Catégorie Tournoi % Correct
2005 Grand Chelem Roland-Garros
97%
2006 Grand Chelem Roland-Garros
96%
2007 Grand Chelem Roland-Garros
96%
2008 Grand Chelem Roland-Garros
96%
2010 Grand Chelem Roland-Garros
95%
2011 Grand Chelem Roland-Garros
95%
2012 Grand Chelem Roland-Garros
95%
2013 Grand Chelem Roland-Garros
95%
2014 Grand Chelem Roland-Garros
95%
2017 Grand Chelem Roland-Garros
95%
2018 Grand Chelem Roland-Garros
95%
2019 Grand Chelem Roland-Garros
95%
2020 Grand Chelem Roland-Garros
95%
2022 Grand Chelem Roland-Garros
95%
2010 Grand Chelem US Open
94%
2013 Grand Chelem US Open
94%
2017 Grand Chelem US Open
94%
2019 Grand Chelem US Open
94%
2008 Grand Chelem Wimbledon
94%
2010 Grand Chelem Wimbledon
93%
2004 Par équipe avec l'Espagne Coupe Davis
89%
2005 Masters 1000 Madrid
89%
2010 Masters 1000 Madrid
88%
2013 Masters 1000 Madrid
88%
2014 Masters 1000 Madrid
88%
2017 Masters 1000 Madrid
88%
2009 Par équipe avec l'Espagne Coupe Davis
86%
2011 Par équipe avec l'Espagne Coupe Davis
86%
2019 Par équipe avec l'Espagne Coupe Davis
86%
2009 Grand Chelem Open d'Australie
86%
2022 Grand Chelem Open d'Australie
86%
2005 Masters 1000 Rome
85%
2009 Masters 1000 Rome
84%
2018 Masters 1000 Rome
84%
2021 Masters 1000 Rome
84%
2006 Masters 1000 Rome
83%
2007 Masters 1000 Rome
83%
2010 Masters 1000 Rome
83%
2012 Masters 1000 Rome
83%
2013 Masters 1000 Rome
83%
2019 ATP 500 Rome
83%
2005 Masters 1000 Monte Carlo
82%
2006 Masters 1000 Monte Carlo
81%
2007 Masters 1000 Monte Carlo
81%
2008 Masters 1000 Monte Carlo
81%
2009 Masters 1000 Monte Carlo
81%
2010 Masters 1000 Monte Carlo
81%
2011 Masters 1000 Monte Carlo
81%
2012 Masters 1000 Monte Carlo
81%
2016 Masters 1000 Monte Carlo
81%
2017 Masters 1000 Monte Carlo
81%
2018 Masters 1000 Monte Carlo
81%
2005 ATP 500 Barcelone
77%
2009 ATP 500 Barcelone
76%
2018 ATP 500 Barcelone
76%
2021 ATP 500 Barcelone
76%
2006 ATP 500 Barcelone
75%
2007 ATP 500 Barcelone
75%
2008 ATP 500 Barcelone
75%
2011 ATP 500 Barcelone
75%
2012 ATP 500 Barcelone
75%
2013 ATP 500 Barcelone
75%
2016 ATP 500 Barcelone
75%
2017 ATP 500 Barcelone
75%
2007 Masters 1000 Indian Wells
64%
2009 Masters 1000 Indian Wells
64%
2013 Masters 1000 Indian Wells
64%
2013 Masters 1000 Cincinnati
59%
2008 Jeux Olympiques Pékin
58%
2017 ATP 500 Pékin
58%
2008 Masters 1000 Hambourg
39%
2015 ATP 500 Hambourg
39%
2014 ATP 500 Rio de Janeiro
38%
2005 ATP 500 Acapulco
34%
2020 ATP 500 Acapulco
33%
2022 ATP 500 Acapulco
33%
2013 ATP 500 Acapulco
32%
2010 ATP 500 Tokyo
32%
2006 ATP 500 Dubaï
24%
2005 ATP 500 Stuttgart
11%
2007 ATP 500 Stuttgart
11%
2005 Masters 1000 Coupe Rogers
8%
2008 Masters 1000 Coupe Rogers
8%
2013 Masters 1000 Coupe Rogers
8%
2018 Masters 1000 Coupe Rogers
8%
2019 Masters 1000 Coupe Rogers
8%
Aucun quiz correspondant
Distribution des résultats
% des personnes avec chaque résultat
Percentile par nombre de réponses
Votre historique - résultats
Vous n’avez pas pris ce quiz